000
00238nam a22001097a 4500
082
_a
RAS
100
_a
Rashid Khalifa
245
_a
Quran: Visual persentation of the miracle
260
_a
Karachi
_b
Tath pub
300
_a
247
942
_c
BK
999
_c
57788
_d
57785